000 01144nac a22002891i 4500
003 EG-ScBUE
005 20240903113827.0
008 240903s1980 nyu f b 000 0 eng d
020 _a0122947606
040 _aEG-ScBUE
_beng
_erda
_cEG-ScBUE
_dEG-ScBUE
041 1 _aeng
_hrus
082 0 4 _a510.212
_bGRA
_222
100 1 _aGradshteĭn, I. S.,
_eauthor.
240 1 0 _aTablitsy integralov, summ, riadov i proizvedenii.
_lEnglish
245 1 0 _aTable of integrals, series, and products /
_cI.S. Gradshteyn and I.M. Ryzhik ; incorporating the 4th ed. prepared by Yu. V. Geronimus, M. Yu. Tseytlin ; translated from the Russian by Scripta Technica, inc., and edited by Alan Jeffrey.
264 1 _aNew York :
_bAcademic Press,
_c1980.
300 _axlv, 1160 pages ;
_c24 cm
336 _2rdacontent
_atext
_btxt
337 _aunmediated
_2rdamedia
_bn
338 _avolume
_bnc
_2rdacarrier
504 _aIncludes bibliographical references.
650 7 _aMathematics
_xTables.
_2BUEsh
655 _vReading book
700 1 _aRyzhik, I. M.
_q(Iosif Moiseevich),
_eauthor.
700 1 _aJeffrey, Alan,
_etranslator.
942 _cBB
_2ddc
999 _c3837
_d3837